书目信息 |
| 题名: |
政治经济学大纲
|
|
| 作者: | 西尼尔 著 ;蔡受百 译 | |
| 分册: | ||
| 出版信息: | 北京 商务印书馆 1977 |
|
| 页数: | 333页 | |
| 开本: | 19cm | |
| 丛书名: | ||
| 单 册: | ||
| 中图分类: | F0-08 | |
| 科图分类: | ||
| 主题词: | 资产阶级政治经济学 | |
| 电子资源: | ||
| ISBN: | ||
| 000 | 00631nam0 2200229 45 | |
| 001 | 0177002237 | |
| 005 | 20060927151047.12 | |
| 010 | @d¥0.72 | |
| 100 | @a19950925d1977 em y0chiy0121 ea | |
| 101 | 1 | @achi@ceng |
| 102 | @aCN@b110000 | |
| 105 | @ay z 000yy | |
| 200 | 10 | @a政治经济学大纲@Azheng zhi jing ji xue da gang@f(英)N.W.西尼尔著@g蔡受百译 |
| 210 | @a北京@c商务印书馆@d1977 | |
| 215 | @a333页@d19cm | |
| 606 | @a资产阶级政治经济学 | |
| 690 | @aF0-08@v3 | |
| 701 | 1 | @a西尼尔@bN.M.@Axi ni er@4著 |
| 702 | 0 | @a蔡受百@Acai shou bai@4译 |
| 801 | 2 | @aCN@bNLC@c20060927 |
| 801 | 0 | @aCN@bTSSF |
| 905 | @a10447@dF0-08@e224 | |
| 政治经济学大纲/(英)N.W.西尼尔著/蔡受百译.-北京:商务印书馆,1977 |
| 333页;19cm |
| ISBN :¥0.72 |
| ● |
| 相关链接 |
|
|
|
|
正题名:政治经济学大纲
索取号:F0-08/224
 
预约/预借
| 序号 | 登录号 | 条形码 | 馆藏地/架位号 | 状态 | 备注 |
| 1 | 0422499 | 204224990 | 密集书库/ [索取号:F0-08/224] | 在馆 |